Регионална библиотека "Любен Каравелов" - Русе

Читанка (Запис номер 454365)

MARC детайли
000 -Лидер
Контролно поле с фиксирана дължина nam a22 a 4500
003 - Код на организацията, давaща контролен номер
Контролно поле BLK
005 - Дата и час на последна редакция
Контролно поле 20221208031215.0
008 - Елементи от данни с фиксирана дължина
fixed length control field 220414b bu |||||r|||||||| ||bu d
040 ## - Източник на каталожния запис
Идентификатор на билиотеката - собственик на записа BLK
041 ## - Код за език
Код за езика на текст/звукозапис или на отделно заглавие Български
Код за езика КДБФ Български
080 ## - УДК
Текстов определител УДК Основно образование
УДК код - определител по УДК 372.4
УДК определител (075.2)
УДК - код + определител 372.4(075.2)
080 ## - УДК
Текстов определител УДК Основи на четенето. Методи на обучение в четенето
УДК код - определител по УДК 373.3.016:028.1
УДК - код + определител 373.3.016:028.1
139 ## - Редно поле
Редна дума Читанка
245 ## - Сведения за заглавието
Заглавие Читанка
Подзаглавни данни За III кл. на общообраз. трудово-политехн. у-ща
Редно поле (дума) Лъчезар Станчев и др.
250 ## - Област на изданието
Сведения за изданието 9. стер. изд
260 ## - Област на издателските данни
9 (RLIN) 216179
Място на издаване, разпространение и проч. София
Име на издателя, разпространителя и проч. Нар. просв.
Година на издаване 1964
300 ## - Физическа характеристика
Страници 208 с.
Илюстрации и др. с ил.
Размери/Мащаб 22 см
380 ## - Жанр
Жанр Обществени науки
500 ## - Общи забележки
Забележка Други авт.: А. Бонева, П. Проданов, К. Калчев. - 1. изд. 1957.
650 #0 - Допълнително описание по предмет – тема
9 (RLIN) 244157
Основно описание – тема или топоним Читанка - учебници за начални училища
700 1# - Други автори (авторска отговорност)
9 (RLIN) 123768
Лично име Станчев, Лъчезар
Автороска отговорност (Описва отношението между автора и произведението) съавт.
700 1# - Други автори (авторска отговорност)
9 (RLIN) 113074
Лично име Проданов, Петър
Автороска отговорност (Описва отношението между автора и произведението) съавт.
700 ## - Други автори (авторска отговорност)
Лично име Бонева, Ана
Автороска отговорност (Описва отношението между автора и произведението) съавт.
9 (RLIN) 1445
700 ## - Други автори (авторска отговорност)
Лично име Калчев, Камен
Автороска отговорност (Описва отношението между автора и произведението) съавт.
9 (RLIN) 1445
852 ## - Местоположение
Форматна сигнатура Цб 30585
Фондова буква Хранилище
999 ## - СИСТЕМНИ КОНТРОЛНИ НОМЕРА
Koha biblionumber 454365
Koha biblioitemnumber 454365
942 ## - АРТИКУЛИ
Вид на библиотечния материал Книги
Скрит в OPAC Не
Периодичен библиозапис Да
944 ## - СЪЗДАВАНЕ И РЕДАКЦИЯ на ЗАПИСА
Създаване/Редакция Създаване
Дата на регистрацията/редакция 2022-04-28
Служител, извършил регистрацията/редакцията Микаела Микова-Илиева
999 ## - СИСТЕМНИ КОНТРОЛНИ НОМЕРА
Koha biblioitemnumber 453367
Наличности
Код за отписване Код за изгубен артикул Източник на класификационната схема Код за повреда Коз за рестрикции Код за отдаване Артикулен № Име на библиотеката - собственик Име на библиотеката, в която се намира в момента Статус (Текущо местоположение) Дата на вписване в системата Местоположение - отдел Цена в лева Инвентарен номер Систематично азбучна сигнатура Баркод Цена в евро Служебен тип на артикула
  Не е изгубен Universal Decimal Classification Не е повреден само за читалня ползва се в читалня 883182 Регионална библиотека "Любен Каравелов" Русе Регионална библиотека "Любен Каравелов" Русе Хранилище 2022-05-09 Хранилище 0.53 16498/64 Цб 31585 900000094458 0.27 Книги
Vip Innovations Ltd, Rousse, Bulgaria 2025